000 00313 a2200109 4500
001 ART_51025
005 20260410162008.0
008 260409a
245 1 0 _aLa nueva ley de alquileres
100 1 _aHumphreys, Ethel
773 0 _tTemas de derecho civil
_g- Año 6, N° 7 (jul. 2020)
_wREV34778
999 _c31885
_d31885